| 000 | 01159nam0a22002771 4500 | ||
|---|---|---|---|
| 001 | rc\250090 | ||
| 005 | 20260406121246.0 | ||
| 035 | _a(NLR Aleph) 005509627 | ||
| 090 |
_a5392602 _c5392602 |
||
| 100 | _a20030307d1990 |||y0rusy50 ca | ||
| 101 | 0 |
_arus _aeng |
|
| 102 | _aRU | ||
| 105 | _ay ||||||||| | ||
| 200 | 1 |
_aПРИОРИТЕТНЫЕ направления в научном приборостроении _dPriority trends in scientific instrumentation _eТез. докл. Первой междунар. конф. молодых ученых, ноябрь 1990 г. |
|
| 210 |
_aЛ. _cНТО АН СССР _d1990 |
||
| 215 |
_a71 с. _d20 |
||
| 300 | _aВ надзаг.: АН СССР. Науч.-техн. об-ние | ||
| 300 | _aТекст на рус. и англ. яз. | ||
| 320 | _aБиблиогр. в конце докл. | ||
| 510 | 0 | _aPriority trends in scientific instrumentation | |
| 712 | 0 | 2 |
_aАН СССР _bНаучно-техническое объединение _cЛенинград _3RU\NLR\AUTH\8813817 _9300705 |
| 801 | 0 |
_aRU _bNLR _gpsbo |
|
| 801 | 1 |
_aRU _bELAR _2rusmarc |
|
| 852 |
_aNLR _j90-4/15695 |
||
| 942 | _cBOOK | ||
| 980 | _aNB | ||